000
00275nam a22001337a 4500
008
210511b ||||| |||| 00| 0 eng d
041
_a
eng
080
_a
902
082
_a
902
100
_a
45
101
_a
ARK
245
_a
Louvre the visit
_c
Quoniam,P
942
_2
udc
_c
BK
999
_c
57262
_d
57262